Podporujte predaj rady, ktoré vám pomôžu v časoch, keď ekonomika stagnuje

Vytváranie rezerv a obmedzovanie výdavkov. Škrtanie výdavkov v oblasti vzdelávania pracovníkov a marketingu. Podpora produkcie a lepšie výsledky. Efektívny marketing a starostlivosť o zákazníkov.

Guardado en:
Detalles Bibliográficos
Autor principal: Škutková, Jana
Formato: Capítulo de libro
Lenguaje:eslovaco
Materias:
Etiquetas: Agregar Etiqueta
Sin Etiquetas, Sea el primero en etiquetar este registro!

MARC

LEADER 00000naa a2200000 4500
001 0125909
005 20220725111540.3
041 0 |a slo 
044 |a SK 
245 1 0 |a Podporujte predaj  |b rady, ktoré vám pomôžu v časoch, keď ekonomika stagnuje  |c Jana Škutková 
520 |a Vytváranie rezerv a obmedzovanie výdavkov. Škrtanie výdavkov v oblasti vzdelávania pracovníkov a marketingu. Podpora produkcie a lepšie výsledky. Efektívny marketing a starostlivosť o zákazníkov. 
610 2 0 |a marketing 
610 2 0 |a stratégia marketingová 
610 2 0 |a komunikácia marketingová 
610 2 0 |a nástroje marketingové 
610 2 0 |a mix komunikačný 
610 2 0 |a podpora predaja 
610 2 0 |a produkty 
610 2 0 |a meno obchodné 
610 2 0 |a riadenie vzťahov so zákazníkmi 
100 1 |a Škutková, Jana